| 000 | 01015cam a22003377a 4500 | ||
|---|---|---|---|
| 003 | CHAP | ||
| 005 | 20220329142627.0 | ||
| 008 | 020603d1987 ag r 00110 spa d | ||
| 010 | _a85842 | ||
| 011 | _a86814 | ||
| 020 | _a9505561806 | ||
| 035 | _a97354 | ||
| 040 | _cCHAP | ||
| 082 | 0 | 4 |
_a155.3 _bS3 1987 |
| 100 | 0 | 0 |
_aSapetti, Adrian. _9102592 |
| 245 | 1 | 3 |
_aLa sexualidad masculina _c/por Adrian Sapetti y Mario V. Kaplan |
| 250 | _a3 ed. | ||
| 260 |
_aBuenos Aires, Arg. : _bGalerna, _c1987. |
||
| 300 | _a139 p. | ||
| 590 |
_aBATCH-UPD _b10 _c20130110 _lUCH01 _h0654 |
||
| 590 |
_aBATCH-UPD _b10 _c20130410 _lUCH01 _h0339 |
||
| 590 |
_aBATCH-UPD _b10 _c20130914 _lUCH01 _h1252 |
||
| 590 |
_aCONVERSION _b10 _c20130109 _lUCH01 _h1348 |
||
| 650 | 1 | 4 |
_aEducación sexual. _935598 |
| 650 | 1 | 4 |
_aSexualidad humana. _9105427 |
| 700 | 0 | 0 |
_aKaplan, Mario V. _962712 |
| 901 | _aBK | ||
| 905 | _aMayto Villalobos S. | ||
| 942 | _cLIBRO | ||
| 949 |
_a155.3 S3 1987 _bBC _cLIBRO _d33724000851358 _eLIBRO _h102407 _i97354 _si |
||
| 999 |
_c85842 _d85842 |
||